000 00643nam a22002297a 4500
999 _c348325
_d348325
001 62235
003 UA-OsUOA
005 20200623140224.0
007 ta
008 20090814b un ||||| |||| 00| 0 ukr d
040 _aUA-OsUOA
_bukr
_cUA-OsUOA
_dUA-OsUOA
041 _aukr
080 _a82.09
090 _a82.09
_bЯ49
100 _aЯкубський Б.В.
245 _aЕлементи теорії літератури. (Поетики).
260 _aК.
_bРадянська школа
_c1940
300 _a60 с.
650 7 _a82 Література. Літературознавство
_2UDC
942 _cBK
_2udc
955 _a2